Szczegóły MARC21

Państwo Islamskie : geneza nowego kalifatu /

003 -Nazwa inst., której nr kontr. jest w polu 001 [,]
    • @
    • Nazwa instytucji, której n kontrolny jest w polu 001
    • NUKAT
005 -DATA I CZAS OSTATNIEJ MODYFIKACJI [,]
    • @
    • pole kontrolne
    • 20241231111219.0
020 -Międzynarod. znormalizowany nr książki - ISBN [ , ]
    • a
    • Numer ISBN
    • 9788380023222 Find
040 -Instytucja sporządzająca opis [ , ]
    • a
    • Instytucja, która sporządziła opis (NP)
    • Ł U/ar
    • c
    • Instytucja, która sporządziła rekord (NP)
    • Ł U/ar
    • d
    • Instytucja, która zmodyfikowała rekord (P)
    • Ł U/ar
    • d
    • Instytucja, która zmodyfikowała rekord (P)
    • WR U/mbos
    • d
    • Instytucja, która zmodyfikowała rekord (P)
    • KR 253/MD
041 -Język dokumentu [1, ]
    • a
    • Język tekstu (P)
    • polski
    • h
    • Język tekstu oryginalnego i/lub pośredniego (P)
    • francuski
942 -Rodzaj dokumentu [ , ]
    • c
    • Rodzaj dokumentu
    • Książka
100 -Hasło główne - nazwa osobowa [1, ]
    • a
    • Nazwa osobowa (NP)
    • Hanne, Olivier
    • d
    • Daty biograficzne (NP)
    • (1975- ).
    • 9
    • KHW
    • 91457
240 -Tytuł ujednolicony [1,0]
    • a
    • Tytuł ujednolicony
    • État islamique
    • l
    • Język tekstu
    • (pol.)
    • 9
    • KHW
    • 449244
245 -Strefa tytułu i oznaczenia odpowiedzialności [1,0]
    • a
    • Tytuł
    • Państwo Islamskie : Find
    • b
    • Ciąg dalszy tytułu (NP)
    • geneza nowego kalifatu / Find
    • c
    • Pozostałe elementy strefy tytułu i oznaczenia odpowiedzialności (NP)
    • Olivier Hanne, Thomas Flichy de La Neuville ; przełożył Janusz Danecki.
260 -Strefa adresu wydawniczego [ , ]
    • a
    • Miejsce wydania (P)
    • Warszawa :
    • b
    • Nazwa wydawcy (P)
    • Wydawnictwo Akademickie Dialog,
    • c
    • Data wydania (P)
    • 2015.
300 -Strefa opisu fizycznego [ , ]
    • a
    • Określenie formy książki i/lub objętość (NP)
    • 167 s. :
    • b
    • Oznaczenie ilustracji (NP)
    • il. ;
    • c
    • Format (NP)
    • 21 cm.
336 -Typ zawartości [ , ]
    • a
    • Termin opisujący typ zawartości
    • Tekst
    • b
    • Kod określający zawartość
    • txt
    • 2
    • Źródło (terminu i kodu)
    • rdacontent
337 -Typ mediów [ , ]
    • a
    • Tryb odtwarzania
    • Bez urządzenia pośredniczącego
    • b
    • Kod typu mediów
    • n
    • 2
    • Źródło (terminu i kodu)
    • rdamedia
338 -Typ/rodzaj nośnika [ , ]
    • a
    • Hasło opisujące typ nośnika
    • Wolumin
    • b
    • Kod typu nośnika
    • nc
    • 2
    • Źródło (terminu i kodu)
    • rdacarrier
490 -Strefa serii i książki wielotomowej - forma nie do wyszukiwania [1, ]
    • a
    • Tytuł (P)
    • Historia/Polityka Find
830 -Hasło dodatkowe serii i opisu książki wielotomowej - tytuł ujednolicony/tytuł [ ,0]
    • a
    • Tytuł ujednolicony/tytuł (NP)
    • Historia/Polityka
    • 9
    • KHW
    • 56864
500 -Uwaga ogólna [ , ]
    • a
    • Uwaga ogólna (NP)
    • Tyt. oryg.: L'État islamique.
080 -Uniwersalna Klasyfikacja Dziesiętna [ , ]
    • 2
    • Identyfikator wydania tablic
    • UDC-P058
    • 9
    • UKD
    • 2875
    • a
    • Symbol klasyfikacji
    • 323.28
    • b
    • Dopowiedzenie
    • Prześladowania polityczne. Akty terroru. Terroryzm.
    • 4
    • UKD2
    • 96580
    • x
    • Poddział wspólny
    • (100-69:28)
    • c
    • Dopowiedzenie poddz. wspólnego
    • (Kraje muzułmańskie, islamskie).
080 -Uniwersalna Klasyfikacja Dziesiętna [ , ]
    • 2
    • Identyfikator wydania tablic
    • UDC-P058
    • 9
    • UKD
    • 3472
    • a
    • Symbol klasyfikacji
    • 343.341
    • b
    • Dopowiedzenie
    • Związki i sekty przestępcze. Uzbrojone bandy. Przestępczość zorganizowana. Tajne organizacje przestępcze. Organizacje terrorystyczne. Gangi. Mafie. Camorra itp..
    • 4
    • UKD2
    • 96580
    • x
    • Poddział wspólny
    • (100-69:28)
    • c
    • Dopowiedzenie poddz. wspólnego
    • (Kraje muzułmańskie, islamskie).
610 -Hasło przedmiotowe w formie nazwy ciała zbiorowego [2,7]
    • a
    • Nazwa ciała zbiorowego lub nazwa geograficzna
    • Państwo Islamskie.
    • 2
    • Źródło terminu
    • kaba
    • 9
    • KHW
    • 334642
980 -Symbol UKD [ , ]
    • a
    • UKD
    • 323.28:343.341](100-69:28)
700 -Hasło dodatkowe - nazwa osobowa [1, ]
    • a
    • Nazwa osobowa (NP)
    • Flichy de La Neuville, Thomas Find
    • d
    • Daty biograficzne (NP)
    • (1970- ).
    • 9
    • KHW
    • 91458
700 -Hasło dodatkowe - nazwa osobowa [1, ]
    • a
    • Nazwa osobowa (NP)
    • Danecki, Janusz Find
    • d
    • Daty biograficzne (NP)
    • (1946- ).
    • e
    • Określenie rodzaju współpracy
    • Tł.
    • 9
    • KHW
    • 15800
710 -Hasło dodatkowe - nazwa ciała zbiorowego [2, ]
    • a
    • Nazwa ciała zbiorowego lub nazwa geograficzna jako pierwszy element (NP)
    • Wydawnictwo Akademickie DIALOG.
    • 4
    • Kod relacji
    • pbl
    • 9
    • KHW
    • 54490
920 -ISBN [ , ]
    • a
    • ISBN
    • 978-83-8002-322-2 Find
Lokalizacja Data inwentaryzacji Numer inwentarzowy Status udost.
BG2016-01-14WM.18851-3
BG2016-01-14WM.18852-3
BNS2016-04-18H.282111